[Event "San Francisco Grey Memorial"]
[Site "San Francisco"]
[Date "2017.10.03"]
[Round "9"]
[White "Ebert, John C"]
[Black "Melville, Cailen"]
[Result "0-1"]
[WhiteElo "1919"]
[BlackElo "1772"]
[PlyCount "46"]
[EventDate "2017.08.08"]
[EventType "swiss"]
[EventRounds "9"]
[EventCountry "USA"]
[SourceTitle "EXT 2023"]
[Source "ChessBase"]
[SourceDate "2022.10.05"]
[SourceVersion "1"]
[SourceVersionDate "2022.10.05"]
[SourceQuality "1"]

1. d4 e6 2. c4 b6 3. Nc3 Bb7 4. Nf3 f5 5. d5 Nf6 6. dxe6 Qe7 7. exd7+ Nbxd7 8. Bg5 0-0-0 9. Qc2 g6 10. 0-0-0 Bg7 11. Nd5 Qc5 12. b4 Qf8 13. Bf4 Nxd5 14. cxd5 Kb8 15. Bxc7+ Ka8 16. Bxd8 Qxb4 17. e3 Rxd8 18. Qb3 Rc8+ 19. Kb1 Qa5 20. Be2 Nc5 21. Qb5 Qa3 22. Bd3 Nxd3 23. Rxd3 Ba6 0-1

[Event "San Francisco TNM Spring op"]
[Site "San Francisco"]
[Date "2016.05.03"]
[Round "8"]
[White "Ebert, John C"]
[Black "Brown, Nicholas"]
[Result "1-0"]
[WhiteElo "1770"]
[BlackElo "1501"]
[PlyCount "75"]
[EventDate "2016.03.15"]
[EventType "swiss"]
[EventRounds "8"]
[EventCountry "USA"]
[SourceTitle "EXT 2018"]
[Source "ChessBase"]
[SourceDate "2017.10.13"]
[SourceVersion "1"]
[SourceVersionDate "2017.10.13"]
[SourceQuality "1"]

1. d4 d5 2. Nf3 e6 3. e3 Nf6 4. Bd3 c5 5. c3 Nc6 6. 0-0 Bd6 7. dxc5 Bxc5 8. b4 Bd6 9. b5 Ne5 10. Nxe5 Bxe5 11. f4 Bc7 12. Nd2 0-0 13. Nf3 Re8 14. Ba3 Bb6 15. Qe2 Qc7 16. h3 Qxf4 17. Nd4 Qh6 18. Rae1 Ne4 19. Bxe4 dxe4 20. c4 Qg6 21. Qf2 Bd8 22. c5 e5 23. Nf5 Re6 24. Rd1 Bf6 25. Qd2 Re8 26. Nd6 Rd8 27. Kh1 Be6 28. c6 bxc6 29. bxc6 Be7 30. Qc2 Bxd6 31. Bxd6 Rac8 32. c7 Rd7 33. Bxe5 f6 34. Rxd7 Bxd7 35. Bf4 f5 36. Rd1 Qe6 37. Qb3 Qxb3 38. axb3 1-0

[Event "San Francisco TNM Jay Whitehead op"]
[Site "San Francisco"]
[Date "2014.09.16"]
[Round "7"]
[White "Ebert, John C"]
[Black "Hood, Bryan"]
[Result "0-1"]
[WhiteElo "1753"]
[BlackElo "1258"]
[PlyCount "38"]
[EventDate "2014.08.05"]
[EventType "swiss"]
[EventRounds "9"]
[EventCountry "USA"]
[SourceTitle "EXT 2016"]
[Source "ChessBase"]
[SourceDate "2015.10.08"]
[SourceVersion "1"]
[SourceVersionDate "2015.10.08"]
[SourceQuality "1"]

1. d4 d5 2. Nf3 Nf6 3. c4 g6 4. Nc3 Bg7 5. cxd5 Nxd5 6. e4 Nxc3 7. bxc3 c5 8. Qc2 cxd4 9. cxd4 0-0 10. Bb2 Bg4 11. Ne5 Bxe5 12. dxe5 Nc6 13. f3 Be6 14. Kf2 Qb6+ 15. Kg3 Rac8 16. Qf2 Qa5 17. Qe3 Nxe5 18. Be2 f6 19. Rhe1 Bc4 0-1

[Event "San Francisco TNM Jay Whitehead op"]
[Site "San Francisco"]
[Date "2014.09.02"]
[Round "5"]
[White "Malykin, Erika"]
[Black "Ebert, John C"]
[Result "0-1"]
[WhiteElo "1507"]
[BlackElo "1753"]
[PlyCount "72"]
[EventDate "2014.08.05"]
[EventType "swiss"]
[EventRounds "9"]
[EventCountry "USA"]
[SourceTitle "EXT 2016"]
[Source "ChessBase"]
[SourceDate "2015.10.08"]
[SourceVersion "1"]
[SourceVersionDate "2015.10.08"]
[SourceQuality "1"]

1. e4 e6 2. Nf3 d5 3. exd5 exd5 4. d4 Bd6 5. Nc3 Ne7 6. Bd3 Nbc6 7. Bd2 Bg4 8. h3 Bh5 9. Be3 f6 10. Be2 Bf7 11. Qd2 Qd7 12. Bf4 0-0-0 13. Bxd6 Qxd6 14. Nb5 Qd7 15. 0-0-0 g5 16. Kb1 a6 17. Na3 Bg6 18. g4 Kb8 19. Bd3 Be4 20. Be2 Ng6 21. Rhe1 Nf4 22. Ng1 Rhe8 23. Ka1 Qd6 24. c3 Re7 25. f3 Bg6 26. Bf1 Rde8 27. Ne2 Nd3 28. Nc2 Na5 29. c4 Nxc4 30. Qc3 Nxe1 31. Nxe1 Rxe2 32. Bxe2 Rxe2 33. Nd3 Re3 34. b3 Qa3 35. Qc1 Rxd3 36. bxc4 Rxd1 0-1

[Event "San Francisco TNM Winter op"]
[Site "San Francisco"]
[Date "2014.01.28"]
[Round "4"]
[White "McCarty Snead, Callaghan"]
[Black "Ebert, John C"]
[Result "1/2-1/2"]
[WhiteElo "1668"]
[BlackElo "1766"]
[PlyCount "63"]
[EventDate "2014.01.07"]
[EventType "swiss"]
[EventRounds "8"]
[EventCountry "USA"]
[SourceTitle "EXT 2016"]
[Source "ChessBase"]
[SourceDate "2015.10.08"]
[SourceVersion "1"]
[SourceVersionDate "2015.10.08"]
[SourceQuality "1"]

1. e4 e6 2. d4 d5 3. exd5 exd5 4. Bd3 Bd6 5. Be3 Ne7 6. Ne2 Nbc6 7. c3 Nf5 8. Qd2 Qe7 9. 0-0 Bd7 10. Ng3 Nxg3 11. hxg3 0-0-0 12. Na3 f6 13. Rfe1 Qf7 14. Nb5 g5 15. Nxd6+ cxd6 16. Rac1 h5 17. c4 dxc4 18. Bxc4 d5 19. Bb5 Kb8 20. Bxc6 Bxc6 21. Qb4 Qg7 22. Qd2 h4 23. gxh4 Rxh4 24. f3 Qh7 25. Kf2 Rh2 26. Rg1 Bb5 27. Ke1 Re8 28. Kd1 Rh1 29. Rxh1 Qxh1+ 30. Kc2 Rc8+ 31. Kb1 Rxc1+ 32. Qxc1 1/2-1/2

[Event "San Francisco TNM Fall op"]
[Site "San Francisco"]
[Date "2013.10.29"]
[Round "2"]
[White "Ebert, John C"]
[Black "Morton, Adam B"]
[Result "0-1"]
[WhiteElo "1862"]
[BlackElo "2033"]
[PlyCount "118"]
[EventDate "2013.10.22"]
[EventType "swiss"]
[EventRounds "9"]
[EventCountry "USA"]
[SourceTitle "EXT 2016"]
[Source "ChessBase"]
[SourceDate "2015.10.08"]
[SourceVersion "1"]
[SourceVersionDate "2015.10.08"]
[SourceQuality "1"]

1. d4 d5 2. Nf3 Nf6 3. c4 c6 4. e3 e6 5. Nc3 Nbd7 6. Bd3 dxc4 7. Bxc4 b5 8. Bd3 Bb7 9. 0-0 a6 10. a3 c5 11. Re1 Qb6 12. Ne5 Rd8 13. Nxd7 Nxd7 14. Be4 cxd4 15. exd4 Bxe4 16. Nxe4 Nf6 17. Nxf6+ gxf6 18. Qf3 Be7 19. Bh6 Rg8 20. Rad1 Rd5 21. g3 Kd7 22. Be3 h5 23. Re2 Qc6 24. Rc1 Rc5 25. Qxc6+ Rxc6 26. Rec2 Rgc8 27. Rxc6 Rxc6 28. Kf1 Rxc1+ 29. Bxc1 Kc6 30. Ke2 Kd5 31. Kd3 f5 32. Bd2 h4 33. f4 Bd8 34. b4 h3 35. Bc3 Bb6 36. Bb2 f6 37. Bc3 e5 38. fxe5 fxe5 39. dxe5 Bf2 40. Ke2 Bxg3 41. Kf3 Bxh2 42. Be1 Bxe5 43. Bf2 Bb2 44. Kg3 Bxa3 45. Be1 Ke4 46. Kxh3 f4 47. Kg2 Bc1 48. Kf2 Be3+ 49. Ke2 Bb6 50. Bf2 f3+ 51. Ke1 Bd4 52. Kf1 Bc3 53. Bc5 a5 54. bxa5 Bxa5 55. Ba3 Bc3 56. Bc1 b4 57. Kf2 b3 58. Kf1 b2 59. Bxb2 Bxb2 0-1

[Event "San Francisco Neil Falconer op"]
[Site "San Francisco"]
[Date "2013.08.06"]
[Round "1"]
[White "Ebert, John C"]
[Black "Farzaneh Far, Ramin"]
[Result "1-0"]
[WhiteElo "1735"]
[BlackElo "2042"]
[PlyCount "88"]
[EventDate "2013.08.06"]
[EventType "swiss"]
[EventRounds "9"]
[EventCountry "USA"]
[SourceTitle "EXT 2016"]
[Source "ChessBase"]
[SourceDate "2015.10.08"]
[SourceVersion "1"]
[SourceVersionDate "2015.10.08"]
[SourceQuality "1"]

1. d4 Nf6 2. Nf3 g6 3. c4 Bg7 4. Nc3 0-0 5. e4 d6 6. Be2 e5 7. d5 a5 8. Bg5 h6 9. Bh4 Na6 10. a3 g5 11. Bg3 Nc5 12. Nd2 a4 13. 0-0 Kh8 14. f3 Nh5 15. Bf2 Nf4 16. Bxc5 dxc5 17. g3 Nh3+ 18. Kh1 Bd7 19. b4 axb3 20. Nxb3 Qe7 21. Nb5 Bxb5 22. cxb5 b6 23. Kg2 Qd7 24. a4 Rg8 25. a5 Bf6 26. axb6 cxb6 27. Ra6 c4 28. Bxc4 Rac8 29. Nd2 Bd8 30. Qa1 f6 31. Ra8 Rxc4 32. Nxc4 Qxb5 33. Nd6 Qe2+ 34. Kxh3 h5 35. g4 hxg4+ 36. fxg4 Qe3+ 37. Kg2 Qe2+ 38. Kh1 Qxg4 39. Qd1 Qd7 40. Qh5+ Kg7 41. Nf5+ Kf8 42. Rfa1 Qc7 43. Rxd8+ Qxd8 44. Ra7 Qe8 1-0

[Event "San Francisco TNM Spring op"]
[Site "San Francisco"]
[Date "2013.04.23"]
[Round "6"]
[White "Ebert, John C"]
[Black "McCarty Snead, Callaghan"]
[Result "1-0"]
[WhiteElo "1713"]
[BlackElo "1485"]
[PlyCount "55"]
[EventDate "2013.03.19"]
[EventType "swiss"]
[EventRounds "8"]
[EventCountry "USA"]
[SourceTitle "EXT 2016"]
[Source "ChessBase"]
[SourceDate "2015.10.08"]
[SourceVersion "1"]
[SourceVersionDate "2015.10.08"]
[SourceQuality "1"]

1. d4 d5 2. Nf3 Nf6 3. c4 c6 4. Nc3 Bf5 5. Qb3 Qb6 6. c5 Qxb3 7. axb3 Nbd7 8. Bf4 e6 9. h3 Be7 10. e3 0-0 11. Be2 b6 12. b4 a5 13. bxa5 bxc5 14. 0-0 cxd4 15. Nxd4 c5 16. Nxf5 exf5 17. Rfd1 d4 18. exd4 cxd4 19. Rxd4 Bc5 20. Rdd1 Bb4 21. a6 Bxc3 22. bxc3 Rfc8 23. Bf3 Ra7 24. Be3 Rac7 25. a7 Ne4 26. Bxe4 fxe4 27. a8Q Rxa8 28. Rxa8+ 1-0